[Event "Abu Dhabi Masters Online"]
[Site "chess.com INT"]
[Date "2025.08.18"]
[Round "3"]
[White "Ashraf,Artin"]
[Black "Nakamura,Hi"]
[Result "1/2-1/2"]
[WhiteElo "2428"]
[BlackElo "2807"]

1.d4 Nf6 2.Bg5 c5 3.d5 Qb6 4.Bc1 e6 5.Nc3 exd5 6.Nxd5 Nxd5 7.Qxd5 d6 8.Nf3 Be6
9.Qd1 Nd7 10.e3 d5 11.b3 Be7 12.Bb2 Bf6 13.Bxf6 Nxf6 14.Be2 Ne4 15.O-O Rd8
16.Qc1 Nc3 17.Bd3 O-O 18.h3 Bf5 19.Qb2 Qf6 20.Kh2 Be4 21.Nd2 b5 22.Nb1 b4
23.a3 a5 24.axb4 axb4 25.Nd2 Bxd3 26.cxd3 Qg6 27.Qc2 Rfe8 28.Ra5 Ra8 29.Rfa1 Rac8
30.Ra6 Qf5 31.Kg1 c4 32.bxc4 dxc4 33.e4 cxd3 34.Qxd3 Qf4 35.Nf3 Nxe4 36.Rb6 Rc1+
37.Rxc1 Qxc1+ 38.Qf1 Qb2 39.Qe1 h6 40.Rxb4 Qc2 41.Nd4 Qc8 42.Nf3 Nf6 43.Qf1 Qc2
44.Rb1 Rd8 45.Rc1 Qf5 46.Qe2 Re8 47.Qc2 Qf4 48.Re1 Rd8 49.Qe2 Rd6 50.Qe3 Qb4
51.Qe2 Rd8 52.Rd1 Re8 53.Qd3 g6 54.Qd4 Qb3 55.Re1 Rxe1+ 56.Nxe1 Qe6 57.Nf3 Ne4
58.Qd8+ Kh7 59.Qd4 Qc6 60.Qe3 Qd5 61.Nd4 Nd6 62.Nf3 Nc4 63.Qf4 Nd6 64.Qf6 Ne4
65.Qe7 Qf5 66.Qa7 Nc3 67.Qe3 Qb1+ 68.Kh2 Qb8+ 69.Qe5 Qb2 70.Qf6 Qb3 71.Ne5 Kg8
72.Ng4 Qb8+ 73.g3 Ne4 74.Nxh6+ Kh7 75.Qe7 Kxh6 76.Qxe4 Kg7 77.Qe3 Qb4 78.h4 Qc4
79.Qe5+ Kg8 80.Qe3 Qg4 81.Kg2 Qc8 82.Qf3 Qc4 83.Qa8+ Kg7 84.Qa1+ Kg8 85.Qe1 Qc6+
86.Kg1 Qc5 87.Qe8+ Kg7 88.Qe3 Qd5 89.Qf4 Kg8 90.Kh2 Qd1 91.g4 Qe2 92.Qg3 Qd2
93.Qe3 Qd1 94.Qe4 Qd6+ 95.Kg2 Qf6 96.Kg3 Qd6+ 97.Qf4 Qd3+ 98.Kg2 Qd5+ 99.Kh2 Qd1
100.h5 gxh5 101.Qg5+ Kf8 102.gxh5 Qf3 103.Qh4 Qf5 104.h6 Kg8 105.Qg3+ Qg6
106.Qxg6+ fxg6 107.Kg3 Kh7 108.Kg4 Kxh6 109.f4 Kg7 110.Kg5 Kf7 111.f5 gxf5
112.Kxf5  1/2-1/2

[Event "Abu Dhabi Masters Online"]
[Site "chess.com INT"]
[Date "2025.08.18"]
[Round "4"]
[White "Nakamura,Hi"]
[Black "Liang,Awonder"]
[Result "1/2-1/2"]
[WhiteElo "2807"]
[BlackElo "2696"]

1.Nf3 Nf6 2.b3 b6 3.g3 Bb7 4.Bg2 g6 5.O-O Bg7 6.Bb2 O-O 7.d4 d5 8.e3 e6 9.Qe2 a5
10.c4 a4 11.Nbd2 Nbd7 12.Ne5 Nxe5 13.dxe5 Ne4 14.Nxe4 dxe4 15.Qc2 Qe7 16.Bxe4 Bxe4
17.Qxe4 Qb4 18.Qc2 Rfd8 19.Bc3 Qc5 20.Qe4 b5 21.Rfd1 axb3 22.Rxd8+ Rxd8 23.axb3 bxc4
24.Qxc4 Qxc4 25.bxc4 h5 26.Ra5 Rd1+ 27.Kg2 Rc1 28.Ra3 c5 29.Kf3 Rc2 30.Kg2 g5
31.h3 g4 32.hxg4 hxg4 33.Kf1 Kh7 34.Ke1 Kg6 35.e4 Bh6 36.Rb3 Rc1+ 37.Ke2 Rc2+
38.Kf1 Bg5 39.Ke1 Rc1+ 40.Ke2 Rc2+ 41.Kf1 Bh6 42.Ke1 Bg5 43.Kf1 Bh6 44.Ke1  1/2-1/2

[Event "Abu Dhabi Masters Online"]
[Site "chess.com INT"]
[Date "2025.08.18"]
[Round "5"]
[White "Henriquez Villagra,C"]
[Black "Nakamura,Hi"]
[Result "0-1"]
[WhiteElo "2592"]
[BlackElo "2807"]

1.e4 g6 2.d4 Bg7 3.Nc3 a6 4.f4 c6 5.Nf3 d5 6.e5 Bg4 7.h3 Bxf3 8.Qxf3 e6 9.Be3 h5
10.O-O-O h4 11.Bd3 Nd7 12.g4 hxg3 13.Qxg3 Qh4 14.Qf3 Rc8 15.Kb1 c5 16.Nxd5 exd5
17.Qxd5 Ne7 18.Qxb7 Qg3 19.Rhe1 Rb8 20.Qe4 cxd4 21.Bxd4 Nf5 22.Bc3 O-O 23.Bc4 Nc5
24.Qd5 Qxc3  0-1

[Event "Abu Dhabi Masters Online"]
[Site "chess.com INT"]
[Date "2025.08.18"]
[Round "6"]
[White "Sjugirov,S"]
[Black "Nakamura,Hi"]
[Result "0-1"]
[WhiteElo "2636"]
[BlackElo "2807"]

1.d4 Nf6 2.Nf3 b5 3.e4 Nxe4 4.Bxb5 g6 5.O-O Bg7 6.Re1 Nf6 7.c4 O-O 8.Nc3 Bb7
9.Bg5 h6 10.Bh4 c6 11.Ba4 d6 12.Qe2 Re8 13.d5 Qc8 14.Nd4 Nfd7 15.Rad1 Nb6
16.Bb3 N8d7 17.dxc6 Bxc6 18.Nxc6 Qxc6 19.Nd5 Nc8 20.Qf3 Qc5 21.Ba4 Rd8 22.Nxe7+ Nxe7
23.Bxe7 Ne5 24.Qe4 Nxc4 25.Bxd8 Rxd8 26.Bb3 d5 27.Bxc4 dxe4 28.Rxd8+ Bf8
29.Rxe4 Kg7 30.Rd7 h5 31.Rxf7+ Kh6 32.h4 Qc6 33.Ref4 Bd6 34.Rd4 Qc5 35.Re4 Qc6
36.Rd4 Qc5 37.Rd5 Qxc4 38.Rxd6 Qxf7  0-1

[Event "Abu Dhabi Masters Online"]
[Site "chess.com INT"]
[Date "2025.08.18"]
[Round "7"]
[White "Nakamura,Hi"]
[Black "Muradli,Mahammad"]
[Result "0-1"]
[WhiteElo "2807"]
[BlackElo "2586"]

1.d4 Nf6 2.Nf3 d5 3.e3 c5 4.dxc5 e6 5.c4 Bxc5 6.Nc3 O-O 7.a3 dxc4 8.Qc2 a6
9.Bxc4 b5 10.Bd3 Bb7 11.O-O Nbd7 12.Ng5 h6 13.Nge4 Nxe4 14.Bxe4 Qb6 15.Bd2 Rac8
16.Rfc1 Nf6 17.Bxb7 Qxb7 18.Qd1 Rfd8 19.Qe2 Bb6 20.Be1 Nd7 21.Na2 Ne5 22.Bc3 Nc4
23.Nb4 a5 24.Nd3 a4 25.Qg4 f5 26.Qe2 Qe4 27.Rd1 Rd5 28.Nb4 Rxd1+ 29.Rxd1 Rd8
30.Rxd8+ Bxd8 31.Qd3 Qxd3 32.Nxd3 Kf7 33.Kf1 Bf6 34.Bxf6 Kxf6 35.Ke2 e5 36.e4 fxe4
37.Nc5 Kf5 38.h3 Nxb2 39.g4+ Kg6 40.Nxe4 Nc4 41.Kd3 Nxa3 42.Kc3 Nc4 43.Kb4 Nb2
44.f3 Nd3+ 45.Kxb5 a3 46.Nc3 Kg5 47.Kc4 Ne1 48.Kd5 Nxf3 49.Ke4 Ng1  0-1

[Event "Abu Dhabi Masters Online"]
[Site "chess.com INT"]
[Date "2025.08.18"]
[Round "8"]
[White "Bok,B"]
[Black "Nakamura,Hi"]
[Result "0-1"]
[WhiteElo "2587"]
[BlackElo "2807"]

1.d4 b6 2.e4 Bb7 3.Bd3 e6 4.Nf3 h6 5.O-O g6 6.Nbd2 Bg7 7.c3 d6 8.Re1 Nd7
9.Nf1 c5 10.Ng3 Qc7 11.a4 a6 12.h3 Ne7 13.Be3 Rc8 14.Qd2 Qb8 15.Rad1 c4 16.Bc2 b5
17.Ra1 Qc7 18.axb5 axb5 19.Nh2 h5 20.Nf3 h4 21.Nf1 e5 22.Bg5 Bf6 23.Bxf6 Nxf6
24.Qg5 Nd7 25.Nxh4 Nc6 26.Nf3 Rh5 27.Qg3 Nf6 28.Ne3 Kf8 29.Nd5 Qd8 30.dxe5 Nxe5
31.Nxe5 Rxe5 32.f4 Nh5 33.Qf2 Re8 34.Nb4 Qf6 35.Ra7 Rb8 36.g3 Ng7 37.Kh2 Ne6
38.Rd1 Ng5 39.Qd4 Nf3+  0-1

[Event "Abu Dhabi Masters Online"]
[Site "chess.com INT"]
[Date "2025.08.18"]
[Round "9"]
[White "Nakamura,Hi"]
[Black "Martinez Alcantara,Jose Eduardo"]
[Result "1/2-1/2"]
[WhiteElo "2807"]
[BlackElo "2636"]

1.d4 d5 2.Nf3 Nf6 3.e3 e6 4.c4 Nbd7 5.Nc3 a6 6.b3 b6 7.cxd5 exd5 8.g3 Bd6
9.Bg2 O-O 10.O-O Bb7 11.Bb2 Re8 12.Rc1 Ne4 13.Ne1 Ndf6 14.Ne2 h5 15.Nf3 a5
16.Ne5 c5 17.f3 Ng5 18.Nc3 Ne6 19.Nb5 Bf8 20.f4 Nc7 21.Nc3 Qd6 22.dxc5 bxc5
23.Qd2 Rad8 24.Rfd1 Qa6 25.Na4 c4 26.Bc3 d4 27.Bxd4 Bxg2 28.Qxg2 Ncd5 29.bxc4 Nc7
30.Qc6 Qc8 31.Nb6 Qh3 32.Qxc7 Rxe5 33.Qxd8 Re8 34.Bxf6 Rxd8 35.Rxd8 gxf6
36.Nd7 h4 37.Rc2 Kg7 38.Nxf8 Qf5 39.Rcd2 Qb1+ 40.Kg2 Qe4+ 41.Kh3 hxg3 42.Nd7 Qe6+
43.Kh4 Qe7 44.Nxf6 Qxf6+ 45.Kxg3 Qc3 46.R8d3 Qxc4 47.Kf3 Qc1 48.e4 Qf1+ 49.Ke3 Qg1+
50.Kf3 Qf1+ 51.Kg4 Qe1 52.Kf5 Qb1 53.Rg3+ Kf8 54.Rd5 Qb6 55.Kg4 Qb4 56.Re3 Qc4
57.Rxa5 Qf1 58.Raa3 Qd1+ 59.Rf3 Qe2 60.Re3 Qg2+ 61.Rg3 Qxa2 62.h4 Qe6+ 63.Kf3 Qh6
64.Rg4 Qa6 65.h5 Qf1+ 66.Kg3 Qg1+ 67.Kf3 Qh1+ 68.Ke2 Qxh5 69.Rg3 Qb5+ 70.Kf2 Qb2+
71.Kf3 Qc2 72.f5 Ke7 73.Rf4 Kf6 74.Rh4 Ke5 75.Rhg4 Qd2 76.Rg2 Qd3+ 77.Kf2 Qd4+
78.Kg3 Qe3+ 79.Kh2 Qh6+ 80.Kg1 Qc1+ 81.Kf2 Qd2+ 82.Kf3 Qd3+ 83.Kf2 Qd2+ 84.Kg3 Qe3+
85.Kh2 Qh6+ 86.Kg1 Qc1+ 87.Kf2 Qd2+  1/2-1/2

[Event "Abu Dhabi Masters Online"]
[Site "chess.com INT"]
[Date "2025.08.18"]
[Round "10"]
[White "Anton Guijarro,D"]
[Black "Nakamura,Hi"]
[Result "0-1"]
[WhiteElo "2625"]
[BlackElo "2807"]

1.c4 e5 2.Nc3 Nf6 3.d3 d6 4.g3 g6 5.Bg2 Bg7 6.e3 c6 7.Nf3 h6 8.O-O Be6 9.b4 O-O
10.b5 Nbd7 11.Rb1 Qc7 12.Qc2 Rfc8 13.Ba3 d5 14.bxc6 bxc6 15.Nd2 Nb6 16.Na4 Nfd7
17.Rfc1 Qd8 18.Nc5 Nxc5 19.Bxc5 f5 20.a4 e4 21.d4 h5 22.h4 Bf6 23.cxd5 cxd5
24.f4 exf3 25.Nxf3 Nc4 26.Qe2 Qd7 27.Ng5 Bxg5 28.hxg5 Re8 29.Qf2 Bf7 30.Rxc4 dxc4
31.Bxa8 Rxa8 32.Qf4 c3 33.Rc1 Qb7 34.Rxc3 Qb2 35.Ra3 Bd5 36.Qf2 Qb1+ 37.Qf1 Qe4
38.Kh2 Rb8 39.Kh3 Qg4+  0-1

[Event "Abu Dhabi Masters Online"]
[Site "chess.com INT"]
[Date "2025.08.18"]
[Round "11"]
[White "Nakamura,Hi"]
[Black "Nihal,Sarin"]
[Result "0-1"]
[WhiteElo "2807"]
[BlackElo "2692"]

1.d4 d5 2.Nf3 Nf6 3.e3 Bg4 4.Nbd2 Nbd7 5.c4 c6 6.Qc2 e6 7.Bd3 Bd6 8.h3 Bh5
9.b3 O-O 10.Bb2 Re8 11.Ne5 Bg6 12.Bxg6 hxg6 13.O-O Qc7 14.f4 Bb4 15.Bc3 Bxc3
16.Qxc3 c5 17.Rac1 Rac8 18.cxd5 Nxd5 19.Qd3 Nxe5 20.dxe5 Red8 21.Qe2 b5 22.Ne4 c4
23.bxc4 bxc4 24.Nd6 Rxd6 25.exd6 Qxd6 26.Qf2 Nb4 27.Rfd1 Qa6 28.Qe2 Qxa2
29.Qxa2 Nxa2 30.Ra1 Nc3 31.Rd7 Nb5 32.Rb7 Rc5 33.Kf2 c3 34.Ke2 c2 35.Kd2 Nd6
36.Rb8+ Kh7 37.Kc1 Nf5 38.Ra2 Nxe3 39.Rb3 Nxg2 40.Rxc2 Rxc2+ 41.Kxc2 Nxf4
42.Ra3 g5 43.Rxa7 Kg6 44.Ra3 e5 45.Kd2 Kf5 46.Ke1 f6 47.Kf2 g6 48.Kf3 Nxh3  0-1

[Event "Titled Tue 19th Aug Late"]
[Site "chess.com INT"]
[Date "2025.08.19"]
[Round "1"]
[White "Nakamura,Hi"]
[Black "Donoso Aguirre,Maximiliano"]
[Result "1-0"]
[WhiteElo "2807"]
[BlackElo "1978"]

1.b3 d5 2.Bb2 e6 3.Nf3 Nf6 4.e3 c5 5.d4 Nc6 6.Bd3 Bd6 7.O-O O-O 8.dxc5 Bxc5
9.Nbd2 Re8 10.e4 Nb4 11.Bb5 Bd7 12.Bxf6 gxf6 13.Bxd7 Qxd7 14.c3 Nc6 15.Re1 Rad8
16.Qe2 d4 17.cxd4 Nxd4 18.Nxd4 Bxd4 19.Rad1 Qc6 20.Nf3 Bb6 21.h4 Ba5 22.Rc1 Qb6
23.Rf1 Rd7 24.Rc4 Red8 25.b4 Bxb4 26.Rb1 a5 27.a3 Qa6 28.axb4 a4 29.b5 Qa5
30.e5 f5 31.Qc2 a3 32.Ra4 Qb6 33.Rxa3 Rc7 34.Rc3 Rcd7 35.Rc8 Kg7 36.Rxd8 Qxd8
37.g3 Rd3 38.Qe2 Qd5 39.Ne1 Rd2 40.Qe3 h6 41.Ng2 Qa2 42.Re1 Rb2 43.Nf4 Rxb5
44.Kg2 Qb2 45.Qf3 Qd4 46.Qd3 Qb4 47.Re3 Qb2 48.Qd7 Rxe5 49.Nxe6+ Kf6 50.Nf4 Rxe3
51.Nd5+ Kg7 52.Nxe3 f4 53.Qg4+ Kh7 54.Qxf4 Kg8 55.Qxh6 b5 56.Nf5 Qe5 57.Qg5+ Kf8
58.Qd8+ Qe8 59.Qxe8+ Kxe8 60.Nd6+ Kd7 61.Nxb5 Ke6 62.Kf3 Kd5 63.Kf4 Ke6 64.Nd4+ Ke7
65.Kf5 Kf8 66.Kf6 Ke8 67.Kg7 Ke7 68.f4 Ke8 69.h5 Ke7 70.h6 Ke8 71.Nf5 Kd7
72.Kxf7 Kc6 73.Ke6 Kc5 74.Ke5 Kc4 75.g4 Kd3 76.g5 Ke2 77.g6 Kd3 78.g7 Ke2
79.h7 Kd3 80.g8=N Ke2 81.h8=N Kd3 82.Nfe7 Kc3 83.f5 Kd3 84.f6 Kc3 85.f7 Kd3
86.Nd5 Kc4 87.Ngf6 Kd3 88.Ng6 Kc4 89.Ngf4 Kc5 90.Nd3+ Kc4 91.Ke4 Kb5 92.Kd4 Kc6
93.Nc5 Kd6 94.Nfe4+ Kc6 95.Ndc3 Kb6 96.Kd5 Ka5 97.Kc4 Kb6 98.Nb5 Kc6 99.Nd4+ Kb6
100.Nce6 Ka5 101.Nc3 Kb6 102.Kb4 Ka6 103.Kc5 Ka5 104.Nc6+ Ka6 105.Nd5 Kb7
106.Ndb4 Kc8 107.f8=Q+ Kb7 108.Qb8+  1-0

[Event "Titled Tue 19th Aug Early"]
[Site "chess.com INT"]
[Date "2025.08.19"]
[Round "1"]
[White "Nakamura,Hi"]
[Black "Levitan,Caleb Levi"]
[Result "1-0"]
[WhiteElo "2807"]
[BlackElo "2385"]

1.Nf3 d5 2.g3 Nf6 3.Bg2 Bf5 4.d3 h6 5.c4 c6 6.Qb3 Qb6 7.Be3 Qxb3 8.axb3 Na6
9.Nc3 e6 10.Nd4 Bh7 11.Nxc6 Nc5 12.Nd4 e5 13.Ndb5 d4 14.Nc7+ Kd7 15.Nxa8 dxe3
16.fxe3 Bd6 17.Rxa7 Bb8 18.Ra3 Bd6 19.b4 Na6 20.Nb6+  1-0

[Event "Titled Tue 19th Aug Late"]
[Site "chess.com INT"]
[Date "2025.08.19"]
[Round "2"]
[White "Popov,Tikhon"]
[Black "Nakamura,Hi"]
[Result "0-1"]
[WhiteElo "2335"]
[BlackElo "2807"]

1.e4 c6 2.Nf3 d5 3.exd5 cxd5 4.d4 Bg4 5.c4 e6 6.Nc3 Nf6 7.h3 Bxf3 8.Qxf3 Bb4
9.cxd5 Nxd5 10.Bd2 Nc6 11.Bb5 Ne7 12.Be3 O-O 13.Bxc6 Nxc6 14.Rd1 Qa5 15.O-O Bxc3
16.bxc3 Qxa2 17.d5 exd5 18.Rxd5 Qc4 19.Rd7 Ne5 20.Qd5 Qxd5 21.Rxd5 Nc4 22.Rd7 b6
23.Ra1 a5 24.Rb7 Rfb8 25.Rc7 Rc8 26.Rb7 Rab8 27.Re7 Re8 28.Rxe8+ Rxe8 29.Bd4 b5
30.Kf1 a4 31.f3 Nd2+ 32.Kf2 Nb3 33.Rb1 Nxd4 34.cxd4 Rb8 35.Ke3 b4 36.Kd3 Kf8
37.Ra1 b3  0-1

[Event "Titled Tue 19th Aug Early"]
[Site "chess.com INT"]
[Date "2025.08.19"]
[Round "2"]
[White "Saydaliev,Saidakbar"]
[Black "Nakamura,Hi"]
[Result "0-1"]
[WhiteElo "2455"]
[BlackElo "2807"]

1.Nf3 g6 2.c4 Bg7 3.g3 d6 4.d4 Bd7 5.Bg2 Qc8 6.h4 h6 7.Nc3 Nc6 8.O-O g5 9.Be3 Bh3
10.d5 Ne5 11.Bd4 Bf6 12.h5 Bg4 13.Nxe5 dxe5 14.Bc5 Bxh5 15.Rc1 Bg6 16.e4 h5
17.f3 g4 18.f4 h4 19.f5 Bh5 20.Qd3 h3 21.Bh1 Bg5 22.Kh2 Bxc1 23.Rxc1 Nf6
24.Be3 c5 25.dxc6 bxc6 26.b4 Qc7 27.c5 Rd8 28.Qc2 Rd7 29.a4 O-O 30.Re1 a6
31.Bc1 Rfd8 32.Qf2 Rd3 33.Re3 Qd7 34.b5 axb5 35.axb5 Qd4 36.bxc6 Rxc3 37.c7 Rc8  0-1

[Event "Titled Tue 19th Aug Early"]
[Site "chess.com INT"]
[Date "2025.08.19"]
[Round "3"]
[White "Nakamura,Hi"]
[Black "Tahbaz,Arash"]
[Result "0-1"]
[WhiteElo "2807"]
[BlackElo "2477"]

1.d4 Nf6 2.Nf3 e6 3.e3 b6 4.c4 Bb7 5.Bd3 c5 6.O-O Be7 7.Nc3 O-O 8.d5 exd5
9.cxd5 Nxd5 10.Nxd5 Bxd5 11.Bxh7+ Kxh7 12.Qxd5 Nc6 13.Rd1 Bf6 14.e4 Qe7 15.Bg5 Rfe8
16.Bxf6 Qxf6 17.Qxd7 Rad8 18.Qg4 Nd4 19.Ng5+ Kg8 20.h4 Ne6 21.Nxe6 Rxe6 22.Rxd8+ Qxd8
23.Rd1 Rd6 24.Rxd6 Qxd6 25.Qc8+ Kh7 26.Qf5+ Kg8 27.Qd5 Qf6 28.Qa8+ Kh7 29.Qxa7 Qxb2
30.Qxf7 Qb1+ 31.Kh2 Qxe4 32.f4 c4 33.Qc7 b5 34.Kg3 Qd3+ 35.Kg4 c3 36.f5 Qc4+  0-1

[Event "Titled Tue 19th Aug Late"]
[Site "chess.com INT"]
[Date "2025.08.19"]
[Round "3"]
[White "Nakamura,Hi"]
[Black "Schnaider,Ilan"]
[Result "1-0"]
[WhiteElo "2807"]
[BlackElo "2386"]

1.d4 d5 2.Nf3 Nf6 3.e3 Bf5 4.Bd3 Bxd3 5.Qxd3 c6 6.Nbd2 Nbd7 7.e4 dxe4 8.Nxe4 Nxe4
9.Qxe4 Nf6 10.Qe2 e6 11.O-O Bd6 12.Bg5 Qc7 13.c4 Bf4 14.Bxf6 gxf6 15.d5 O-O-O
16.g3 Bd6 17.dxe6 Rhe8 18.Qe3 Kb8 19.Qh6 fxe6 20.Qxf6 e5 21.Ng5 Be7 22.Qh6 Rd6
23.Qh5 Rg6 24.Ne4 Bb4 25.a3 Bf8 26.Rad1 Qf7 27.Qe2 Be7 28.Rd7 Qe6 29.Rfd1 Rh6
30.c5 Qh3 31.f3 Qh5 32.b4 a6 33.a4 Bf8 34.b5 axb5 35.axb5 Qg6 36.b6 Kc8 37.Rc7+ Kb8
38.Qa2 Bxc5+ 39.Nxc5  1-0

[Event "Titled Tue 19th Aug Early"]
[Site "chess.com INT"]
[Date "2025.08.19"]
[Round "4"]
[White "Daulet,Alikhan"]
[Black "Nakamura,Hi"]
[Result "0-1"]
[WhiteElo "2158"]
[BlackElo "2807"]

1.d4 g6 2.e4 Bg7 3.Nc3 a6 4.f4 c6 5.Nf3 d5 6.e5 Bg4 7.Be2 e6 8.Be3 h5 9.Qd2 Nd7
10.Bf2 Rc8 11.Na4 Ne7 12.h3 Bxf3 13.Bxf3 h4 14.O-O-O Nf5 15.Kb1 Bf8 16.Be2 Ng3
17.Rhe1 Ne4 18.Qe3 Qa5 19.Nc3 Nxf2 20.Qxf2 Bb4 21.Rd3 c5 22.Red1 cxd4 23.Qxd4 Rc4
24.Qe3 Nb6 25.a3 Bxc3 26.Rxc3 Rxc3 27.Qxc3 Qxc3 28.bxc3 Na4 29.Rd3 b5 30.Kc1 Ke7
31.Kd2 Rc8 32.Re3 Nb6 33.g3 hxg3 34.Rxg3 Nc4+ 35.Bxc4 Rxc4 36.Rg4 Ra4 37.h4 Rxa3
38.h5 gxh5 39.Rh4 Ra4 40.Rxh5 Rxf4 41.Rh8 Re4 42.Ra8 Rxe5 43.Rxa6 f5 44.Rb6 f4
45.Rxb5 f3 46.Rb1 Re2+ 47.Kd3 e5 48.c4 e4+ 49.Kd4 dxc4 50.c3 f2 51.Rf1 e3
52.Kxc4 Re1  0-1

[Event "Titled Tue 19th Aug Late"]
[Site "chess.com INT"]
[Date "2025.08.19"]
[Round "4"]
[White "Vakhlamov,I"]
[Black "Nakamura,Hi"]
[Result "0-1"]
[WhiteElo "2413"]
[BlackElo "2807"]

1.e4 g6 2.d4 Bg7 3.Nf3 c5 4.Nc3 cxd4 5.Nxd4 Nc6 6.Nxc6 bxc6 7.Bc4 d6 8.O-O Qc7
9.Re1 Nf6 10.Bf4 Ng4 11.h3 Ne5 12.Bf1 Rb8 13.Rb1 O-O 14.Qd2 Be6 15.Bh6 Qa5
16.Bxg7 Kxg7 17.b3 f6 18.Rbd1 g5 19.Kh1 h5 20.Qe3 Ng6 21.a4 Qe5 22.Ne2 c5
23.g3 g4 24.h4 f5 25.exf5 Qxe3 26.fxe3 Bxf5 27.Rd2 Be4+ 28.Bg2 Bxg2+ 29.Kxg2 Rf5
30.Nf4 Re5 31.Nd3 Re4 32.Nf2 Re6 33.Rd5 Re5 34.Red1 c4 35.bxc4 Rc8 36.R1d4 Kh6
37.e4 Rxd5 38.exd5 Ne5 39.Re4 Rxc4 40.Rxc4 Nxc4 41.Nd1 Nb6 42.Nc3 Kg6 43.Kf2 Kf5
44.a5 Nc4 45.a6 Na3 46.Ke2 Nxc2 47.Nb5 Nb4 48.Nxa7 Nxa6 49.Nb5 Nb4 50.Nc7 Ke5
51.Ne6 Nxd5 52.Ng7 Kf6 53.Nxh5+ Kg6 54.Nf4+ Nxf4+ 55.gxf4 Kh5 56.f5 Kxh4
57.f6 exf6  0-1

[Event "Titled Tue 19th Aug Early"]
[Site "chess.com INT"]
[Date "2025.08.19"]
[Round "5"]
[White "Nakamura,Hi"]
[Black "Javakhadze,Z"]
[Result "1-0"]
[WhiteElo "2807"]
[BlackElo "2417"]

1.Nf3 d5 2.e3 Nf6 3.c4 e6 4.b3 Be7 5.Bb2 O-O 6.d4 b6 7.Nbd2 Bb7 8.cxd5 exd5
9.Bd3 Nbd7 10.O-O Bd6 11.Ne5 c5 12.Rc1 Rc8 13.Bf5 Rc7 14.Nxd7 Nxd7 15.dxc5 bxc5
16.Qg4 Ne5 17.Bxe5 Bxe5 18.Bxh7+ Kxh7 19.Qh5+ Kg8 20.Qxe5 Re8 21.Qf4 Rc6
22.Rfd1 d4 23.e4 Rf6 24.Qh4 Qa5 25.f3 Rc6 26.Rc2 d3 27.Rb2 Qc3 28.Nc4 Ba6
29.Qe1 Qxe1+ 30.Rxe1 Bxc4 31.bxc4 Rd8 32.Kf2 Ra6 33.Ke3 Ra4 34.Rd1 Ra3 35.Rdd2 Rd4
36.Rb8+ Kh7 37.Rb3 Ra4 38.Rbxd3 Rdxc4 39.Rd7 f6 40.Rc7 Kg6 41.Rdd7  1-0

[Event "Titled Tue 19th Aug Late"]
[Site "chess.com INT"]
[Date "2025.08.19"]
[Round "5"]
[White "Bluebaum,M"]
[Black "Nakamura,Hi"]
[Result "0-1"]
[WhiteElo "2660"]
[BlackElo "2807"]

1.d4 d5 2.c4 e6 3.Nc3 Nf6 4.cxd5 exd5 5.Bg5 c6 6.e3 Be7 7.Bd3 Nbd7 8.h3 Nb6
9.Nf3 Nh5 10.Bxe7 Qxe7 11.O-O Nf6 12.Qc2 O-O 13.Rfe1 g6 14.Re2 Re8 15.e4 dxe4
16.Nxe4 Nxe4 17.Rxe4 Be6 18.Rae1 Qf8 19.Qe2 Re7 20.Qd2 Rae8 21.Qa5 Nc8 22.a3 Bd5
23.Rxe7 Rxe7 24.Rxe7 Qxe7 25.Ne5 Kg7 26.Nc4 Qf6 27.Qc3 Bxc4 28.Bxc4 Nd6 29.Bd3 h5
30.Qc5 a6 31.Qe5 Nc8 32.g4 hxg4 33.hxg4 Nb6 34.Kg2 g5 35.f4 Nd5 36.Qxf6+ Kxf6
37.fxg5+ Kxg5 38.Kg3 Ne3 39.Be2 Nc2 40.d5 cxd5 41.Bf3 Ne3 42.b4 b6 43.a4 a5
44.bxa5 bxa5 45.Be2 f6 46.Bf3 d4 47.Be2 Nd5 48.Kf3 Nc3 49.Bb5 f5 50.gxf5 Kxf5
51.Be8 Ke5 52.Bd7 Kd5 53.Kf4 Kc4 54.Bf5 Nxa4 55.Ke5 Nb2 56.Be6+ Kc3 57.Kd5 d3
58.Kc5 d2 59.Bg4 a4  0-1

[Event "Titled Tue 19th Aug Early"]
[Site "chess.com INT"]
[Date "2025.08.19"]
[Round "6"]
[White "Iturrizaga Bonelli,Eduardo"]
[Black "Nakamura,Hi"]
[Result "0-1"]
[WhiteElo "2576"]
[BlackElo "2807"]

1.c4 e5 2.g3 c6 3.Nf3 e4 4.Nd4 Qb6 5.e3 Nf6 6.Bg2 d5 7.cxd5 cxd5 8.O-O Nc6
9.Nxc6 bxc6 10.d3 Ba6 11.Nc3 Bxd3 12.Re1 h5 13.h3 Bd6 14.b3 h4 15.g4 Bb8
16.f4 exf3 17.Bxf3 Ba6 18.Qd2 Nh7 19.Qg2 Bd6 20.Na4 Qc7 21.Bb2 O-O 22.Rac1 Qd7
23.Nc5 Bxc5 24.Rxc5 Ng5 25.Rec1 Rac8 26.Bd4 Ne6 27.R5c2 Nxd4 28.exd4 Rfe8
29.Qf2 g5 30.Bg2 Kg7 31.Bf1 Bxf1 32.Rxf1 Re6 33.Rc3 Qe7 34.Rf3 f6 35.Rc3 Re2
36.Qf3 Qe6 37.a4 Re8 38.b4 Qd6 39.Rf2 Rxf2 40.Qxf2 a6 41.Rc5 Re4 42.b5 axb5
43.axb5 cxb5 44.Rxb5 Qe7 45.Rb1 Rf4 46.Qd2 Rf3 47.Re1 Qc7  0-1

[Event "Titled Tue 19th Aug Late"]
[Site "chess.com INT"]
[Date "2025.08.19"]
[Round "6"]
[White "Nakamura,Hi"]
[Black "Xiong,Jeffery"]
[Result "1-0"]
[WhiteElo "2807"]
[BlackElo "2650"]

1.c4 e6 2.g3 d5 3.d4 dxc4 4.Bg2 c5 5.Nf3 Nc6 6.Qa4 cxd4 7.O-O Bd7 8.Qxc4 e5
9.e3 Be6 10.Qa4 Qd7 11.exd4 exd4 12.Rd1 Bc5 13.Nc3 Nge7 14.Ne4 Bb6 15.b4 O-O
16.b5 Na5 17.Nxd4 Bg4 18.Nf3 Qf5 19.Neg5 Rad8 20.Ba3 Rxd1+ 21.Rxd1 Re8 22.Re1 h6
23.h3 Bxf3 24.Nxf3 Qd7 25.Bb4 Nd5 26.Rxe8+ Qxe8 27.Bxa5 Bxf2+ 28.Kxf2 Qe3+
29.Kf1 Qc1+ 30.Be1 Ne3+ 31.Kf2 Nd1+ 32.Kg1  1-0

[Event "Titled Tue 19th Aug Late"]
[Site "chess.com INT"]
[Date "2025.08.19"]
[Round "7"]
[White "Maghsoodloo,Parham"]
[Black "Nakamura,Hi"]
[Result "0-1"]
[WhiteElo "2695"]
[BlackElo "2807"]

1.e4 e5 2.Nf3 Nc6 3.Bc4 Nf6 4.d3 Be7 5.O-O O-O 6.a4 d5 7.exd5 Nxd5 8.Re1 Bg4
9.h3 Bh5 10.Nbd2 f6 11.a5 Kh8 12.c3 b6 13.axb6 Nxb6 14.Ba6 Qd6 15.Ne4 Qd5
16.Ng3 Bf7 17.Nf5 Be6 18.Nxe7 Nxe7 19.b4 Rad8 20.Ra5 Qd6 21.Be3 Rfe8 22.Bc5 Qd7
23.Bxe7 Rxe7 24.d4 Bg8 25.Rc5 c6 26.Qc2 e4 27.Rxe4 Rxe4 28.Qxe4 Na4 29.Qxc6 Nxc5
30.Qxc5 Bd5 31.Nd2 Qe6 32.b5 h5 33.Nf1 Qe1 34.b6 axb6 35.Qxb6 Ra8 36.c4 Be4
37.c5 Qc3 38.Qd6 Qa1 39.Be2 Qe1 40.Bb5 Ra2 41.Qf4 Rb2 42.Ba6 Ra2 43.Bc4 Rc2
44.Qb8+ Kh7 45.Qg8+ Kh6 46.Qh8+ Bh7 47.Qg8 Qxf2+ 48.Kh1 Qxg2+  0-1

[Event "Titled Tue 19th Aug Early"]
[Site "chess.com INT"]
[Date "2025.08.19"]
[Round "7"]
[White "Nakamura,Hi"]
[Black "Adewumi,Tanitoluwa"]
[Result "1-0"]
[WhiteElo "2807"]
[BlackElo "2421"]

1.e4 e5 2.Bc4 Nf6 3.d3 Nc6 4.Nc3 Na5 5.Qf3 Nxc4 6.dxc4 d6 7.Nge2 h6 8.O-O g6
9.Rd1 b6 10.h3 Bg7 11.b3 O-O 12.Ng3 Be6 13.a4 a5 14.Bb2 Kh7 15.Nb5 Nd7 16.Qe2 Nc5
17.Rf1 c6 18.Nc3 Qh4 19.Rad1 Rad8 20.Qe3 h5 21.Nce2 Bh6 22.Qc3 Nxe4 23.Nxe4 Qxe4
24.Ng3 Qh4 25.Qf3 c5 26.Ne4 Qe7 27.Qf6 Rfe8 28.Bxe5 dxe5 29.Qxe7 Rxe7 30.Rxd8 f5
31.Nf6+  1-0

[Event "Titled Tue 19th Aug Late"]
[Site "chess.com INT"]
[Date "2025.08.19"]
[Round "8"]
[White "Nakamura,Hi"]
[Black "Carlsen,M"]
[Result "0-1"]
[WhiteElo "2807"]
[BlackElo "2839"]

1.e4 d5 2.exd5 Qxd5 3.Nc3 Qa5 4.d4 c6 5.Bd2 Bf5 6.Bc4 e6 7.Nf3 Nd7 8.Qe2 Ngf6
9.d5 cxd5 10.Nxd5 Qc5 11.Nxf6+ gxf6 12.Be3 Qa5+ 13.c3 a6 14.Rd1 Be7 15.O-O Rg8
16.Bf4 Bg4 17.Qe4 O-O-O 18.b4 Qa4 19.Bg3 Nb6 20.Qf4 e5 21.Nxe5 Rxd1 22.Nxg4 Bd6
23.Qf5+ Kb8 24.Bb3 Rxf1+ 25.Kxf1 Qc6 26.Nxf6 Rd8 27.Ne4 Bxg3 28.hxg3 Ka7
29.Kg1 Nd5 30.Qe5 f6 31.Qd4+ Qb6 32.Nc5 Ne7 33.Qe4 Ng6 34.Bd5 f5 35.Qe6 Qxe6
36.Bxe6 Rd1+ 37.Kh2 Rd2 38.f3 Ne7 39.a4 Rc2 40.c4 Rb2 41.b5 a5 42.Nd7 Rb4
43.b6+ Ka8 44.Nc5 Rxb6 45.Bd7 Rd6 46.Bb5 Kb8 47.Nd7+ Kc7 48.Ne5 Nc6 49.Nf7 Rf6
50.Ng5 h6 51.Nh3 Nd4 52.Nf4 Kd6 53.Be8 Rf8 54.Bg6 Rc8 55.Bf7 Nb3 56.Be6 Rf8
57.Bd5 Nc5 58.Ng6 Rb8 59.Nh4 Ke5 60.f4+ Kf6 61.Nf3 Nxa4 62.g4 fxg4 63.Ne5 Nc5
64.Nxg4+ Kg7 65.f5 Rf8 66.f6+ Rxf6  0-1

[Event "Titled Tue 19th Aug Early"]
[Site "chess.com INT"]
[Date "2025.08.19"]
[Round "8"]
[White "Livaic,Leon"]
[Black "Nakamura,Hi"]
[Result "0-1"]
[WhiteElo "2550"]
[BlackElo "2807"]

1.d4 Nf6 2.c4 e6 3.Nf3 b6 4.Bf4 Bb7 5.e3 Bb4+ 6.Nfd2 O-O 7.a3 Be7 8.Nc3 d5
9.cxd5 exd5 10.Bd3 c5 11.h3 Bd6 12.Bxd6 Qxd6 13.O-O Qe7 14.Nf3 Nbd7 15.dxc5 bxc5
16.Rc1 Rfd8 17.Ne2 a5 18.Bb5 d4 19.Ng3 dxe3 20.Nf5 Qe6 21.Nxe3 Ne5 22.Nd2 Ne4
23.Rc2 Qg6 24.f4 Nxd2 25.Rxd2 Rxd2 26.Qxd2 Nf3+ 27.Rxf3 Bxf3 28.f5 Qb6 29.Bc4 Rd8
30.Qf2 Bb7 31.Ng4 Rd1+ 32.Kh2 Qd6+ 33.Qg3 Rh1+ 34.Kxh1 Qxg3  0-1

[Event "Titled Tue 19th Aug Early"]
[Site "chess.com INT"]
[Date "2025.08.19"]
[Round "9"]
[White "Carlsen,M"]
[Black "Nakamura,Hi"]
[Result "1-0"]
[WhiteElo "2839"]
[BlackElo "2807"]

1.b4 e5 2.a3 d5 3.Bb2 Bd6 4.Nf3 Nd7 5.c4 dxc4 6.Nc3 Ngf6 7.e3 Nb6 8.Na4 Qe7
9.Nxb6 axb6 10.Bxc4 O-O 11.d3 e4 12.dxe4 Nxe4 13.Qc2 Bf5 14.Bd3 Bg6 15.O-O Rad8
16.Rad1 Rfe8 17.Nd4 Be5 18.f3 Nf6 19.Bxg6 hxg6 20.e4 c5 21.Ne2 cxb4 22.Bxe5 Qxe5
23.axb4 g5 24.Qc3 Qxc3 25.Nxc3 Rc8 26.Nb5 Red8 27.Rxd8+ Rxd8 28.Rc1 g4 29.e5 Rd5
30.exf6 Rxb5 31.Rc8+ Kh7 32.fxg7 Kxg7 33.fxg4 Rxb4 34.h3 b5 35.Rb8 Rc4 36.Rxb7 b4
37.Kh2 Kg6 38.Kg3 Rc3+ 39.Kh4 Rc4 40.Rb6+ f6 41.Kg3 Rc3+ 42.Kh4 Rc4 43.Rb5 Rd4
44.Kg3 Rd3+ 45.Kf4 Rd4+ 46.Kf3 Rd3+ 47.Ke2 Rd4 48.Rc5 Kg7 49.Ke3 Rd1 50.Rb5 Rb1
51.g5 Rb2 52.Kf3 b3 53.gxf6+ Kxf6 54.h4 Kg6 55.Kg3 Rb1 56.Kg4 b2 57.Rb6+ Kh7
58.Kg5  1-0